| 000 | 01872nam a2200433Ii 4500 | ||
|---|---|---|---|
| 001 | DIGEJTLOZ211 | ||
| 003 | NyNyDIG | ||
| 006 | m o d | ||
| 007 | cr ||||||||||| | ||
| 008 | 250204s2020 ck a ob 000 0 spa d | ||
| 035 | _a(OCoLC)1240733178 | ||
| 040 |
_aDGITA _beng _erda _epn _cDGITA |
||
| 020 |
_a9789587252866 _q(ePub) |
||
| 020 |
_a9789587252859 _q(digital) |
||
| 020 |
_z9789587252842 _q(impreso) |
||
| 050 | 1 | 4 | _aTR897.5 ebook |
| 245 | 0 | 0 |
_aAnimación entre relatos y técnicas : _bprocesos investigativos en animación / _ceditor académico, Jesús Alejandro Guzmán Ramírez ; [autores], Lina X. Aguirre [and 6 others]. |
| 264 | 1 |
_aCaldas, Manizales, Colombia : _bEditorial Universidad de Caldas ; _aBogotá : _bEditorial UTADEO, _c[2020] |
|
| 300 |
_a1 online resource : _billustrations. |
||
| 336 |
_atext _btxt _2rdacontent |
||
| 337 |
_acomputer _bc _2rdamedia |
||
| 338 |
_aonline resource _bcr _2rdacarrier |
||
| 347 |
_atext file _2rdaft |
||
| 347 | _bPDF | ||
| 490 | 1 | _aInter-medios : diálogos sobre animación | |
| 504 | _aIncludes bibliographical references. | ||
| 588 | 0 | _aOnline resource; title from PDF title page (Digitalia, viewed February 4, 2025) | |
| 650 | 0 |
_aAnimation (Cinematography) _xHistory. |
|
| 650 | 0 | _aComputer animation. | |
| 700 | 1 |
_aGuzmán Ramírez, Jesús Alejandro, _eeditor. |
|
| 700 | 1 |
_aAguirre, Lina X., _d1976- _eauthor. |
|
| 791 | 2 |
_aDigitalia (Firm), _edistributor. |
|
| 793 | 0 |
_gDigitalia eBook Collection: _aEditorial Jorge Tadeo Lozano |
|
| 776 | 0 | 8 |
_iPrint version: _tAnimación entre relatos y técnicas. _dCaldas, Manizales, Colombia : Editorial Universidad de Caldas ; Bogotá : Editorial UTADEO, [2020] _z9789587252842 |
| 830 | 0 | _aInter-medios. | |
| 856 | 4 | 0 |
_3Digitalia Hispánica _uhttps://www.digitaliapublishing.com/a/170596/ |
| 910 | _aPremium collection: 2025 | ||
| 942 | _cRAA | ||
| 999 |
_c290496 _d290496 |
||